Southville International School and Colleges
Your cart is empty.
  • Cart
  • Lists
    Public lists Eva Luna New books Lux_list list_1
    Your lists Log in to create your own lists
  • Log in to your account
  • Your cookies
  • Search history
Southville International School and Colleges
  • Advanced search
  • Recent comments
  • Most popular
  • Libraries

Log in to your account

Log in with GOOGLE


If you do not have an external account, but do have a local account, you can still log in:

  1. Home
  2. MARC view: Rapid memory in 7 days :
Normal view MARC view ISBD view

Rapid memory in 7 days : (Record no. 356561)

[ view plain ]
MARC details
000 -LEADER
fixed length control field 00609nam a2200229Ia 4500
008 - FIXED-LENGTH DATA ELEMENTS--GENERAL INFORMATION
fixed length control field 180523s9999 xx 000 0 und d
020 ## - INTERNATIONAL STANDARD BOOK NUMBER
International Standard Book Number 0-399-52130-5
050 ## - LIBRARY OF CONGRESS CALL NUMBER
Classification number MAIN BF 385
050 ## - LIBRARY OF CONGRESS CALL NUMBER
Item number .M56 1994
100 ## - MAIN ENTRY--PERSONAL NAME
Personal name Minninger, Joan.
245 #0 - TITLE STATEMENT
Title Rapid memory in 7 days :
245 #4 - TITLE STATEMENT
Remainder of title the quick-and-easy guide to better remembering /
245 #0 - TITLE STATEMENT
Statement of responsibility, etc Joan Minninger and Eleanor Dugan.
260 ## - PUBLICATION, DISTRIBUTION, ETC. (IMPRINT)
Place of publication, distribution, etc New York :
260 ## - PUBLICATION, DISTRIBUTION, ETC. (IMPRINT)
Name of publisher, distributor, etc Berkley Publishing,
260 ## - PUBLICATION, DISTRIBUTION, ETC. (IMPRINT)
Date of publication, distribution, etc 1994
300 ## - PHYSICAL DESCRIPTION
Extent 191 pages :
300 ## - PHYSICAL DESCRIPTION
Other physical details illustrations ;
300 ## - PHYSICAL DESCRIPTION
Dimensions 23 cm.
500 ## - GENERAL NOTE
General note Includes index.
650 ## - SUBJECT ADDED ENTRY--TOPICAL TERM
Topical term or geographic name as entry element Mnemonics.
Holdings
Withdrawn status Lost status Damaged status Home library Current library Shelving location Date acquired Cost, normal purchase price Total Checkouts Full call number Barcode Date last seen Price effective from Koha item type
      South Mansfield College South Mansfield College   08/25/2006 0.00   MAIN BF 385 .M56 1994 SMC03340 05/23/2018 05/23/2018  

Rapid memory in 7 days :

APA

Minninger J., .Rapid memory in 7 days. New York: .

Chicago

Minninger Joan, .Rapid memory in 7 days. New York: .

Harvard

Minninger J., .Rapid memory in 7 days. New York: .

MLA

Minninger Joan, .New York: . .

  • Place hold
  • Print
  • Cite
  • Add to your cart (remove)
  • Save record
    BIBTEX Dublin Core MARCXML MARC (non-Unicode/MARC-8) MARC (Unicode/UTF-8) MARC (Unicode/UTF-8, Standard) MODS (XML) RIS
  • More searches
    Search for this title in:
    Other Libraries (WorldCat) Other Databases (Google Scholar) Online Stores (Bookfinder.com) Open Library (openlibrary.org)

Exporting to Dublin Core...

SOUTHVILLE LIBRARY

Southville International School and Colleges Library

1281 Tropical Ave. Cor. Luxembourg St., BF Homes International, Las Pinas City

Tel. No. 8256374 / 252358 Loc. 117/146

Powered by Koha